| 000 | 00992cam a22002055a 4500 | ||
|---|---|---|---|
| 001 | L159099 | ||
| 008 | 160127s2015 xxk f 000 0 eng d | ||
| 035 | _a(Sirsi) u159099 | ||
| 041 | 0 | _aeng | |
| 100 | 1 | _aStoschek, Uwe | |
| 245 | 0 | 0 |
_aKey tax issues at year end for real estate investors 2015-2016 _h[electronic resource] |
| 260 |
_aBerlin _bPwc _c2015 |
||
| 520 | _aProvides investors and fund managers with an overview of year end-to dos and important tax issues in real estate transactions in 34 tax systems worldwide. Primarily European based but includes Saudia Arabia, Australia Japan, India, Singapore, South Korea and Canada. | ||
| 590 | _aKA | ||
| 651 | 4 | _aInternational | |
| 690 | _aFinance and taxation | ||
| 700 | 1 | _aMueller, Michael | |
| 856 | 4 | 0 |
_uhttps://www.pwc.com/gx/en/industries/financial-services/asset-management/publications/assets/pwc-key-tax-issues-real-estate-investors-2015-2016.pdf _zView the item free of charge from the www.pwc.com website. |
| 942 | _n0 | ||
| 999 |
_c115674 _d115674 |
||